| 000 | 01793nam a2200409 i 4500 | ||
|---|---|---|---|
| 001 | 195880 | ||
| 003 | SpMaBN | ||
| 005 | 20250825062655.0 | ||
| 008 | 240728s2018 sp a | |||| 000 1 spa | ||
| 017 |
_aM 37524-2018 _bOficina Depósito Legal Madrid |
||
| 020 | _a9788417397784 | ||
| 035 | _a(OCoLC)1129315604 | ||
| 035 | _aa6613630 | ||
| 040 |
_aSpMaBN _bspa _cSpMaBN _erda _dES-MaACL |
||
| 080 | _a087.5:82 | ||
| 100 |
_aCalderón Romo, Diana _0XX1797545 _9237644 _eadp |
||
| 245 | 1 | 3 |
_aEl Quijotico : _bun Quijote para niños ilustrado por niños (Bogotá y Quito) / _cadaptación del texto, Diana Calderón, Marta Calzón, José Manuel Lucía Megías ; idea original, José Manuel Lucía Megías. |
| 250 | _aPrimera edición | ||
| 260 |
_aMadrid (España) : _bPigmalión, _c[2018]. |
||
| 300 |
_a186 páginas : _bilustraciones (blanco y negro y color) ; _c24 cm. |
||
| 336 |
_aTexto _aImagen fija _2rdacontent |
||
| 337 |
_asin mediación _2rdamedia |
||
| 338 |
_avolumen _2rdacarrier |
||
| 490 | 0 | _aEl basilisco | |
| 600 | 1 | 7 |
_9158871 _aCervantes Saavedra, Miguel de, _d1547-1616. _tDon Quijote de la Mancha- _vIlustraciones |
| 655 | 0 |
_aAdaptaciones _2tgfbne _9237645 |
|
| 655 | 7 |
_aLibros infantiles _2tgfbne _9226786 |
|
| 655 | 7 |
_aLibros ilustrados _2tgfbne _9193653 |
|
| 700 |
_aCalzón Iglesias, Marta _9237646 _eadp |
||
| 700 | 1 |
_aLucía Megías, José Manuel, _d1967- _eadp _9240291 |
|
| 852 |
_aES-MaACL _bR.154494 _cDEPOJ _jN-8997 _hDonación: José Manuel Lucía Megías _xEncuadernación rústica con solapas _9204863 |
||
| 903 |
_aLucía Megías, José Manuel, _d1967- _ednr _9240291 |
||
| 942 |
_cMONOGRAFIA _n0 |
||
| 999 |
_c195880 _d195880 |
||